000 01560nam a2200217 a 4500
001 000030662
005 20200930062433.0
008 110525s1992 dr a 000 0 spa d
040 _aDO-SdBNP
_bspa
_cBNPHU
082 _axxxx
_bS471f
111 2 _aSeminario Grandes Figuras de la Evangelización de América, Fray Francisco de Victoria
_n(4a. :
_d1989, dic. 9
_cSanto Domingo)
_957250
245 1 0 _aFray Francisco de Victoria.
260 _aSanto Domingo :
_bComisión Dominicana Permanente para la Celebración del Quinto Centenario del Descubrimiento y Evangelización de América.,
_c1992.
300 _a127 p. :
_bil. ;
_c21 cm.
490 1 _aQuinto Centenario
490 1 _aConferencia
_vno. 6
505 0 _tPrograma --
_tPonencia 1. Francisco de Victoria: el hombre, sus circunstancias y su obra/
_rFernándo Pérez Memén --
_tPonencia 2. El padre Victoria y el derecho de gentes. Polémicas con Juan Gines de Sepúlveda. Las casas, Gines de Sepúlveda, Vitoria y el debate sobre la conquista de América/
_rFrancisco Antonio Avelino García. --
_tPreguntas y comentarios en torno a las ponencias 1 y 2 --
_tPonencia 3. Repercusiones y aplicaciones del derechoi de gentes. El Indio como sujeto de derecho en Francisco de Vitoria/
_rPadre Ramón Alejandro Alonso.
_tPonencia 4. El derecho de gentes en la Declaración Universal de los Derechos Humanos y en el Derecho Internacional Público/
_rLuis Arias --
_tPreguntas y comentarios en torno a las ponencias 3 y 4.
830 0 _aQuinto Centenario
_916591
830 0 _aConferencia
_vno. 6
_91181
049 _aBNPD
999 _c30154
_d30154